[Event "February Mini-Swiss"]
[Site "East Detroit, Mich."]
[Date "1979.02.17"]
[Round "1"]
[White "Moody, David"]
[Black "Jackson, James"]
[Result "1-0"]
[WhiteElo "1761"]
[BlackElo "1671"]
[PlyCount "41"]
[EventDate "1979.02.17"]

1. Nc3 e5 2. Nf3 Nc6 3. d4 exd4 4. Nxd4 Nxd4 5. Qxd4 Nf6 6. Bg5 Be7 7. e4 d6 8.
O-O-O Bd7 9. Bc4 a6 10. Rhe1 c5 11. Qd2 b5 12. Bd5 Rb8 13. e5 dxe5 14. Rxe5 O-O
15. Bf3 Be6 16. Qe3 Qc7 17. Bf4 Qa5 18. Rxe6 fxe6 19. Qxe6+ Rf7 20. Bxb8 b4 21.
Nd5 1-0

[Event "February Mini-Swiss"]
[Site "East Detroit, Mich."]
[Date "1979.02.17"]
[Round "2"]
[White "Everett, Morgan"]
[Black "Moody, David"]
[Result "1-0"]
[WhiteElo "2000"]
[BlackElo "1761"]
[PlyCount "57"]
[EventDate "1979.02.17"]

1. d4 Nf6 2. Nf3 e6 3. Bg5 Be7 4. e3 O-O 5. Bd3 d5 6. Nbd2 Nbd7 7. O-O c5 8. c3
b6 9. Ne5 Nxe5 10. dxe5 Nd7 11. Bxe7 Qxe7 12. f4 f5 13. Nf3 Bb7 14. a4 Rac8 15.
Qe1 Rfd8 16. Kh1 Nf8 17. h3 Qe8 18. Kh2 Qh5 19. Rd1 Qh6 20. Be2 Ng6 21. Ng5
Nxe5 22. Qg3 Nf7 23. Bf3 Qg6 24. Qh4 h6 25. Bh5 hxg5 26. fxg5 Qh7 27. Bxf7+
Kxf7 28. Qxh7 Rh8 29. Rxf5+ 1-0

[Event "March Mini-Swiss"]
[Site "East Detroit, Mich."]
[Date "1979.03.10"]
[Round "1"]
[White "Moody, David"]
[Black "Jackson, James"]
[Result "0-1"]
[WhiteElo "1761"]
[BlackElo "1671"]
[PlyCount "86"]
[EventDate "1979.03.10"]

1. Nc3 e5 2. Nf3 Nc6 3. e4 Nf6 4. Bb5 a6 5. Bxc6 dxc6 6. Nxe5 Qd4 7. Nf3 Qb6 8.
O-O Bg4 9. d3 O-O-O 10. Be3 c5 11. Qd2 Bxf3 12. gxf3 h6 13. a3 Qe6 14. Kg2 Nh5
15. Bf4 Bd6 16. Bg3 g5 17. Nd5 Nf4+ 18. Nxf4 gxf4 19. Bxf4 Bxf4 20. Qxf4 Rhg8+
21. Kh1 Qh3 22. Rg1 Kb8 23. Rg3 Qe6 24. Rag1 Rxg3 25. Qxg3 Qa2 26. Qg7 Qe6 27.
Rg4 f5 28. Rg6 Qa2 29. Qc3 fxe4 30. dxe4 Qf7 31. Qf6 Rd1+ 32. Kg2 Qc4 33. Qf8+
Ka7 34. Rxh6 Qf1+ 35. Kg3 Qg1+ 36. Kf4 Qxf2 37. Qf5 Qd2+ 38. Kg4 Rg1+ 39. Kh4
Qxh6+ 40. Qh5 Qf4+ 41. Kh3 Rg5 42. Qh4 Qxf3+ 43. Qg3 Rxg3+ 0-1

[Event "March Mini-Swiss"]
[Site "East Detroit, Mich."]
[Date "1979.03.10"]
[Round "2"]
[White "Helle, Frank"]
[Black "Moody, David"]
[Result "1-0"]
[WhiteElo "1637"]
[BlackElo "1761"]
[PlyCount "83"]
[EventDate "1979.03.10"]

1. d4 Nf6 2. c4 c5 3. d5 e6 4. Nc3 exd5 5. cxd5 d6 6. Bg5 g6 7. e4 Bg7 8. Nf3
O-O 9. Be2 a6 10. a4 Bg4 11. O-O Bxf3 12. Bxf3 Nbd7 13. Re1 Re8 14. a5 b5 15.
axb6 Qxb6 16. Qc2 Ne5 17. Be2 Reb8 18. Ra2 h6 19. Be3 Neg4 20. Bf4 Qb4 21. Bxd6
Re8 22. Ra4 Qb6 23. Bg3 Re7 24. Rea1 Rae8 25. Rxa6 Qb7 26. h3 Nxe4 27. Nxe4
Rxe4 28. Bxg4 Re1+ 29. Kh2 Qxd5 30. Bf3 Qd4 31. Rxe1 Rxe1 32. Rc6 h5 33. Qc3
Rb1 34. Qxc5 Qxc5 35. Rxc5 Rxb2 36. Rc8+ Kh7 37. Rc7 h4 38. Bd6 Rxf2 39. Rxf7
Kh8 40. Bf8 Be5+ 41. Kg1 Bd4 42. Bg7+ 1-0

[Event "April Mini-Swiss"]
[Site "East Detroit, Mich."]
[Date "1979.04.21"]
[Round "2"]
[White "Sveen, Larry"]
[Black "Moody, David"]
[Result "1/2-1/2"]
[WhiteElo "1577"]
[BlackElo "1706"]
[PlyCount "44"]
[EventDate "1979.04.21"]

1. e4 e5 2. Nf3 f5 3. Nxe5 Qf6 4. d4 d6 5. Nc4 fxe4 6. Nc3 Qg6 7. g3 c6 8. d5
Nf6 9. dxc6 Nxc6 10. Nxd6+ Bxd6 11. Qxd6 Bd7 12. Nb5 Rc8 13. Bc4 e3 14. O-O
Qxc2 15. Bd3 exf2+ 16. Rxf2 Qd1+ 17. Rf1 Qh5 18. Rxf6 gxf6 19. Qxf6 Qc5+ 20.
Kg2 Qd5+ 21. Kg1 Qc5+ 22. Kg2 Qd5+ 1/2-1/2

[Event "April Mini-Swiss"]
[Site "East Detroit, Mich."]
[Date "1979.04.21"]
[Round "1"]
[White "Moody, David"]
[Black "Tallosy, Mihaly"]
[Result "1-0"]
[WhiteElo "1706"]
[BlackElo "1603"]
[PlyCount "61"]
[EventDate "1979.04.21"]

1. Nc3 d5 2. e4 c6 3. d4 dxe4 4. Nxe4 e6 5. Nf3 Nf6 6. Nxf6+ Qxf6 7. Bg5 Qf5 8.
Bd3 Qg4 9. h3 Qxg2 10. Rh2 Qxh2 11. Nxh2 Nd7 12. Qe2 Bd6 13. O-O-O Bxh2 14. f4
h6 15. Qxh2 hxg5 16. fxg5 Nb6 17. g6 f6 18. Qc7 O-O 19. Qg3 Re8 20. Qh4 Kf8 21.
Qh8+ Ke7 22. Qxg7+ Kd6 23. Qxf6 Nd7 24. Qf4+ e5 25. dxe5+ Nxe5 26. g7 Kc5 27.
Qf8+ Rxf8 28. gxf8=Q+ Kb6 29. Qb4+ Kc7 30. Qe7+ Nd7 31. Bf5 1-0

[Event "April Mini-Swiss"]
[Site "East Detroit, Mich."]
[Date "1979.04.21"]
[Round "3"]
[White "Kulbacki, Jim"]
[Black "Moody, David"]
[Result "0-1"]
[WhiteElo "1658"]
[BlackElo "1706"]
[PlyCount "22"]
[EventDate "1979.04.21"]

1. e4 Nc6 2. Nf3 d6 3. d4 Bg4 4. Bc4 e5 5. Bxf7+ Kxf7 6. Ng5+ Qxg5 7. f3 Qg6 8.
fxg4 Qxe4+ 9. Qe2 Qxe2+ 10. Kxe2 Nxd4+ 11. Kd3 Ne7 0-1

[Event "Michigan Amateur"]
[Site "Kalamazoo, Mich."]
[Date "1979.05.12"]
[Round "3"]
[White "Vandivier, Don"]
[Black "Moody, David"]
[Result "0-1"]
[WhiteElo "1939"]
[BlackElo "1706"]
[PlyCount "58"]
[EventDate "1979.05.12"]

1. e4 e5 2. Nf3 Nc6 3. Bc4 Bc5 4. d4 Bxd4 5. Nxd4 Nxd4 6. O-O d6 7. f4 Nf6 8.
fxe5 dxe5 9. Bg5 Qe7 10. Qd3 Be6 11. Bxe6 Qxe6 12. c3 Nc6 13. Na3 a6 14. Rf3
Nd7 15. b4 f6 16. Bd2 Rd8 17. Qe2 O-O 18. Nc2 Rf7 19. Ne3 Nf8 20. Rg3 Rfd7 21.
Be1 Ng6 22. Nf5 Nce7 23. Qg4 Qf7 24. h4 Nxf5 25. exf5 Nf4 26. Bf2 Qh5 27. Be3
Ne2+ 28. Kf1 Nxg3+ 29. Qxg3 Qxf5+ 0-1

[Event "Michigan Amateur"]
[Site "Kalamazoo, Mich."]
[Date "1979.05.12"]
[Round "2"]
[White "Moody, David"]
[Black "Smith, Brian R"]
[Result "1-0"]
[WhiteElo "1706"]
[BlackElo "1495"]
[PlyCount "37"]
[EventDate "1979.05.12"]

1. Nc3 Nf6 2. d4 d5 3. Bg5 e6 4. e4 Be7 5. e5 Nfd7 6. h4 h5 7. Nh3 c5 8. Nb5
Qa5+ 9. c3 c4 10. Bxe7 Qxb5 11. Ba3 f6 12. Be2 fxe5 13. Bxh5+ Kd8 14. Ng5 Kc7
15. Nxe6+ Kc6 16. dxe5 Qa5 17. Bb4 Qb6 18. Qa4+ Qb5 19. Nd4+ 1-0

[Event "Michigan Amateur"]
[Site "Kalamazoo, Mich."]
[Date "1979.05.12"]
[Round "1"]
[White "Lenon, Steve"]
[Black "Moody, David"]
[Result "0-1"]
[WhiteElo "1170"]
[BlackElo "1706"]
[PlyCount "70"]
[EventDate "1979.05.12"]

1. e4 e5 2. Nf3 Nc6 3. Bc4 Nf6 4. Ng5 d5 5. exd5 Na5 6. Bb5+ c6 7. dxc6 bxc6 8.
Qf3 Rb8 9. Bxc6+ Nxc6 10. Qxc6+ Bd7 11. Qc3 Bd6 12. d4 Bb4 13. dxe5 Bxc3+ 14.
bxc3 Ng4 15. Nf3 Bb5 16. a4 Ba6 17. Ba3 Qb6 18. Nd4 Qc7 19. e6 Rxb1+ 20. Rxb1
Qxc3+ 21. Kd1 Qxd4+ 22. Kc1 Qf4+ 23. Kb2 fxe6 24. g3 Qd4+ 25. Kc1 Nxf2 26. Re1
Kf7 27. Rb4 Nd3+ 28. cxd3 Qc3+ 29. Kd1 Qxd3+ 30. Kc1 Qc3+ 31. Kb1 Qxe1+ 32. Kb2
Qd2+ 33. Kb3 Rd8 34. Rf4+ Kg8 35. Rf3 Rb8+ 0-1

[Event "Michigan Amateur"]
[Site "Kalamazoo, Mich."]
[Date "1979.05.13"]
[Round "4"]
[White "Splane, Mike"]
[Black "Moody, David"]
[Result "1-0"]
[WhiteElo "1933"]
[BlackElo "1706"]
[PlyCount "41"]
[EventDate "1979.05.12"]

1. d3 d5 2. g3 e5 3. Bg2 c6 4. f4 exf4 5. Bxf4 Qb6 6. b3 Bc5 7. e3 Bxe3 8. Qe2
d4 9. Nf3 Ne7 10. Bxe3 dxe3 11. O-O O-O 12. Nc3 Bg4 13. Na4 Qa5 14. Qxe3 Re8
15. Ng5 Nd7 16. Rxf7 Nf5 17. Qf4 Re1+ 18. Rxe1 Qxe1+ 19. Bf1 Ne5 20. Rxf5 Bxf5
21. Qxf5 1-0

[Event "Michigan Amateur"]
[Site "Kalamazoo, Mich."]
[Date "1979.05.13"]
[Round "5"]
[White "Moody, David"]
[Black "Weber, Chris"]
[Result "0-1"]
[WhiteElo "1706"]
[BlackElo "1988"]
[PlyCount "58"]
[EventDate "1979.05.12"]

1. Nc3 Nf6 2. d4 g6 3. e4 d6 4. Bg5 Bg7 5. Qd2 c6 6. a4 Qc7 7. Nf3 O-O 8. O-O-O
a6 9. Bh6 Nbd7 10. h4 b5 11. h5 b4 12. Bxg7 bxc3 13. Qh6 cxb2+ 14. Kb1 Ng4 15.
Qg5 Kxg7 16. Qxg4 Nc5 17. Qh4 Nxa4 18. hxg6 Nc3+ 19. Kxb2 Nxd1+ 20. Kc1 hxg6
21. e5 Bh3 22. Rxh3 Rh8 23. Qf4 Rxh3 24. gxh3 Nc3 25. Ng5 Rf8 26. Bxa6 Nd5 27.
Qe4 Ra8 28. Bd3 Ra1+ 29. Kb2 Rb1+ 0-1

[Event "May Mini-Swiss"]
[Site "East Detroit, Mich."]
[Date "1979.05.19"]
[Round "3"]
[White "Temple, Judson"]
[Black "Moody, David"]
[Result "1/2-1/2"]
[WhiteElo "1801"]
[BlackElo "187"]
[PlyCount "40"]
[EventDate "1979.05.19"]

1. c4 Nf6 2. Nc3 e6 3. g3 c6 4. Bg2 d5 5. cxd5 exd5 6. d4 Bb4 7. a3 Bxc3+ 8.
bxc3 O-O 9. Nf3 Qa5 10. Qb3 Ne4 11. Qb4 Qxb4 12. cxb4 b5 13. O-O Nd7 14. Nd2
Nxd2 15. Bxd2 Nb6 16. Bf4 Bf5 17. Bd6 Rfe8 18. Rfe1 Nc4 19. Bc5 a5 20. h3 f6
1/2-1/2

[Event "May Mini-Swiss"]
[Site "East Detroit, Mich."]
[Date "1979.05.19"]
[Round "1"]
[White "Moody, David"]
[Black "Tumolo, Paul"]
[Result "0-1"]
[WhiteElo "1706"]
[BlackElo "1650"]
[PlyCount "46"]
[EventDate "1979.05.19"]

1. Nc3 Nf6 2. d4 d5 3. Bg5 Bf5 4. Bxf6 gxf6 5. f3 e6 6. e4 Bg6 7. exd5 exd5 8.
Qe2+ Be7 9. Qb5+ Nd7 10. Qxd5 Bxc2 11. Rc1 c6 12. Qc4 Nb6 13. Qe2 Bg6 14. Qe3
O-O 15. Nge2 Nc4 16. Qf2 Re8 17. Ng3 Bc5+ 18. Be2 Bxd4 19. Qf1 Bxc3+ 20. Rxc3
Qd2+ 21. Kf2 Qd4+ 22. Ke1 Nxb2 23. Qf2 Qxc3+ 0-1

[Event "Ypsilanti Quads"]
[Site "Ypsilanti, Mich."]
[Date "1979.06.16"]
[Round "2"]
[White "Jackson, James"]
[Black "Moody, David"]
[Result "0-1"]
[WhiteElo "1605"]
[BlackElo "1706"]
[PlyCount "110"]
[EventDate "1979.06.16"]

1. e4 e5 2. Nf3 Nc6 3. Bb5 a6 4. Ba4 Nf6 5. O-O Be7 6. Re1 b5 7. Bb3 O-O 8. c3
d5 9. exd5 Nxd5 10. Nxe5 Nxe5 11. Rxe5 c6 12. d4 Bd6 13. Re1 Qh4 14. g3 Qh3 15.
Be3 Bg4 16. Qd3 Rae8 17. Nd2 Re6 18. a4 Qh5 19. axb5 axb5 20. c4 Nxe3 21. Rxe3
Be2 22. Qc3 Rh6 23. h4 b4 24. Qc1 g5 25. Qe1 Bg4 26. Re8 gxh4 27. Rxf8+ Bxf8
28. Qe5 hxg3 29. Qxh5 gxf2+ 30. Kxf2 Rxh5 31. Rg1 Rh2+ 32. Rg2 Rxg2+ 33. Kxg2
Bg7 34. Ba4 Bxd4 35. Bxc6 Bxb2 36. Ba4 Be6 37. c5 Bc3 38. Nf1 b3 39. c6 b2 40.
Bc2 Bd5+ 41. Kf2 Bxc6 42. Ke3 Bd5 43. Bb1 Kg7 44. Ng3 Be5 45. Nf5+ Kf6 46. Nh6
Kg5 47. Ng8 f5 48. Ne7 Be4 49. Ba2 b1=Q 50. Bxb1 Bxb1 51. Nd5 Be4 52. Nb4 h5
53. Kf2 h4 54. Kg1 h3 55. Nd3 h2+ 0-1

[Event "Ypsilanti Quads"]
[Site "Ypsilanti, Mich."]
[Date "1979.06.16"]
[Round "1"]
[White "Braak, Dairen"]
[Black "Moody, David"]
[Result "1-0"]
[WhiteElo "1707"]
[BlackElo "1706"]
[PlyCount "69"]
[EventDate "1979.06.16"]

1. e4 e5 2. Nf3 Nc6 3. Bc4 Bc5 4. O-O Nf6 5. Nc3 d6 6. h3 Be6 7. Bb3 Qd7 8. d3
O-O-O 9. Be3 Nd4 10. Bxe6 fxe6 11. Bxd4 Bxd4 12. Nxd4 exd4 13. Ne2 e5 14. c3 h5
15. cxd4 h4 16. Qd2 Rdg8 17. dxe5 dxe5 18. f4 Nxe4 19. Qe3 Ng3 20. Nxg3 hxg3
21. fxe5 Rxh3 22. e6 Rh1+ 23. Kxh1 Rh8+ 24. Kg1 Qd5 25. Qxg3 Qc5+ 26. Qf2 Qh5
27. Qf7 Qh2+ 28. Kf2 Qh4+ 29. Ke2 Qg4+ 30. Kd2 Qxg2+ 31. Rf2 Qg5+ 32. Qf4 Qe7
33. Rc1 b6 34. Qf7 Qb4+ 35. Kc2 1-0

[Event "1st Impromptu Tornado"]
[Site "Trenton, Mich."]
[Date "1979.06.30"]
[Round "3"]
[White "Poschel, Paul"]
[Black "Moody, David"]
[Result "1-0"]
[WhiteElo "2212"]
[BlackElo "1706"]
[PlyCount "47"]
[EventDate "1979.06.30"]

1. c4 Nf6 2. Nc3 g6 3. e4 d6 4. d4 Bg7 5. h3 O-O 6. Be3 Nbd7 7. Qd2 c5 8. d5
Nb6 9. Bd3 Bd7 10. b3 a6 11. Nge2 Qc7 12. O-O Nc8 13. Ng3 Na7 14. Bh6 b5 15.
Bxg7 Kxg7 16. Rae1 Rfb8 17. f4 a5 18. e5 Ng8 19. e6 fxe6 20. dxe6 Bc6 21. f5 d5
22. Qg5 Be8 23. Nxd5 Qd8 24. fxg6 1-0

[Event "1st Impromptu Tornado"]
[Site "Trenton, Mich."]
[Date "1979.06.30"]
[Round "4"]
[White "Moody, David"]
[Black "Tanner, Mike"]
[Result "1-0"]
[WhiteElo "1706"]
[BlackElo "1424"]
[PlyCount "35"]
[EventDate "1979.06.30"]

1. Nc3 Nf6 2. d4 d5 3. Bg5 e6 4. e4 Be7 5. e5 Nfd7 6. h4 O-O 7. Bd3 f5 8. f4 a6
9. g4 Nc6 10. gxf5 exf5 11. Nxd5 Bxg5 12. hxg5 g6 13. Qf3 Kg7 14. Qh3 Rh8 15.
Qh6+ Kg8 16. Nf6+ Nxf6 17. gxf6 Qf8 18. Bc4+ 1-0

[Event "1st Impromptu Tornado"]
[Site "Trenton, Mich."]
[Date "1979.06.30"]
[Round "2"]
[White "Moody, David"]
[Black "McCue, Mark"]
[Result "1/2-1/2"]
[WhiteElo "1706"]
[BlackElo "1871"]
[PlyCount "68"]
[EventDate "1979.06.30"]

1. Nc3 c5 2. e4 Nc6 3. Bb5 Nd4 4. Bc4 g6 5. Nf3 Bg7 6. Nxd4 cxd4 7. Nb5 d6 8.
c3 dxc3 9. Nxc3 e6 10. d4 Ne7 11. Be3 O-O 12. Qd2 d5 13. exd5 exd5 14. Be2 Nf5
15. O-O Nxe3 16. Qxe3 Be6 17. Bf3 Qd7 18. Rac1 Rfe8 19. Qf4 Rac8 20. h3 Red8
21. Rfd1 a6 22. Ne2 Rxc1 23. Rxc1 Rc8 24. Rxc8+ Qxc8 25. Qd6 Qc6 26. Qd8+ Bf8
27. Nc3 b5 28. Bxd5 Bxd5 29. Nxd5 Qc1+ 30. Kh2 Qxb2 31. Ne7+ Kg7 32. Nf5+ Kg8
33. Ne7+ Kg7 34. Nf5+ Kg8 1/2-1/2

[Event "1st Impromptu Tornado"]
[Site "Trenton, Mich."]
[Date "1979.06.30"]
[Round "1"]
[White "McNeilly, Alex"]
[Black "Moody, David"]
[Result "0-1"]
[WhiteElo "1355"]
[BlackElo "1706"]
[PlyCount "128"]
[EventDate "1979.06.30"]

1. e4 e5 2. Nf3 Nc6 3. Bb5 a6 4. Ba4 Nf6 5. O-O Be7 6. Bxc6 dxc6 7. Nxe5 Qd4 8.
Nf3 Qxe4 9. Re1 Qg4 10. d4 Be6 11. Nbd2 O-O-O 12. c3 Rhe8 13. Ne5 Qxd1 14. Rxd1
c5 15. Ndf3 cxd4 16. Rxd4 h6 17. Be3 Nd5 18. Bd2 f6 19. Nc4 Bc5 20. Re4 Nb6 21.
Nxb6+ Bxb6 22. Rae1 Bf7 23. Rxe8 Bxe8 24. Be3 Bxe3 25. Rxe3 Bf7 26. a3 Rd1+ 27.
Re1 Rxe1+ 28. Nxe1 Kd7 29. f4 Kd6 30. Nf3 Kd5 31. Nd2 c5 32. Kf2 b5 33. Ke3 a5
34. b3 Bg6 35. c4+ Kc6 36. cxb5+ Kxb5 37. g3 a4 38. bxa4+ Kxa4 39. Nc4 Kb3 40.
Nd6 Kxa3 41. Kd2 Kb4 42. f5 Bh7 43. Ne8 Bxf5 44. Nxg7 Bg6 45. Ne6 c4 46. Nf4
c3+ 47. Kc1 Be4 48. Nh5 f5 49. Nf6 Kc4 50. Ng8 Kd4 51. Nxh6 Ke3 52. Nf7 Kf3 53.
Ng5+ Kg4 54. h4 Bd3 55. Nf7 Kxg3 56. Ne5 Be4 57. h5 f4 58. Nc4 f3 59. h6 f2 60.
Ne3 Kh2 61. Nf1+ Kg1 62. Ne3 f1=Q+ 63. Nxf1 Kxf1 64. Kd1 c2+ 0-1

[Event "July Mini-Swiss"]
[Site "East Detroit, Mich."]
[Date "1979.07.07"]
[Round "2"]
[White "Moody, David"]
[Black "Kulbacki, Jim"]
[Result "1-0"]
[WhiteElo "1706"]
[BlackElo "1658"]
[PlyCount "95"]
[EventDate "1979.07.07"]

1. Nc3 d5 2. e4 c6 3. d4 dxe4 4. Nxe4 Bf5 5. Ng3 Bg6 6. N1e2 e6 7. Nf4 Qc7 8.
h4 Bd6 9. h5 Bxc2 10. Nxe6 fxe6 11. Qxc2 Bxg3 12. fxg3 Qxg3+ 13. Qf2 Qxf2+ 14.
Kxf2 Nf6 15. Bc4 Nd5 16. Re1 Kd7 17. Bg5 b5 18. Bb3 Na6 19. Rac1 Rhe8 20. a4
Nac7 21. Rc5 Rab8 22. a5 Nb4 23. Re3 Ncd5 24. Rg3 e5 25. Bh4 exd4 26. Bxd5 Nxd5
27. Rxg7+ Kd6 28. Rc1 Rf8+ 29. Ke1 Rbe8+ 30. Kd2 Rg8 31. Bg3+ Ke6 32. Rxc6+ Kf5
33. h6 Rxg7 34. hxg7 Rg8 35. Rd6 Nf6 36. Kd3 Rxg7 37. Bf2 Rxg2 38. Bxd4 Rg3+
39. Ke2 Rg6 40. Bxa7 Rg2+ 41. Kd3 Ke5 42. Rb6 Rxb2 43. Rxf6 Rb3+ 44. Kc2 Ra3
45. Ra6 b4 46. Rh6 Rc3+ 47. Kb2 Rc7 48. Bb6 1-0

[Event "July Mini-Swiss"]
[Site "East Detroit, Mich."]
[Date "1979.07.07"]
[Round "1"]
[White "Jackson, James"]
[Black "Moody, David"]
[Result "1-0"]
[WhiteElo "1605"]
[BlackElo "1706"]
[PlyCount "57"]
[EventDate "1979.07.07"]

1. e4 c5 2. Nf3 d6 3. d4 cxd4 4. Nxd4 Nf6 5. Nc3 g6 6. Be3 Bg7 7. Be2 O-O 8.
O-O Bd7 9. f4 Nc6 10. Nb3 Rc8 11. Bf3 a6 12. Qe1 Ng4 13. Bxg4 Bxg4 14. f5 gxf5
15. exf5 Qd7 16. Qf2 e6 17. f6 Bh8 18. Qg3 h5 19. h3 Kh7 20. hxg4 Rg8 21. Qh4
Rg6 22. Qxh5+ Kg8 23. Ne4 Ne5 24. Rad1 d5 25. Qxe5 Rxg4 26. Nec5 Qb5 27. Qh5
Qe2 28. Qh3 b6 29. Rd2 1-0

[Event "July Mini-Swiss"]
[Site "East Detroit, Mich."]
[Date "1979.07.07"]
[Round "3"]
[White "Helle, Frank"]
[Black "Moody, David"]
[Result "1/2-1/2"]
[WhiteElo "1673"]
[BlackElo "1706"]
[PlyCount "33"]
[EventDate "1979.07.07"]

1. d4 Nf6 2. c4 c5 3. d5 e6 4. Nc3 exd5 5. cxd5 d6 6. Nf3 g6 7. Bg5 Bg7 8. e4
Bg4 9. Be2 Bxf3 10. Bxf3 O-O 11. O-O a6 12. a4 Nbd7 13. Re1 Re8 14. Bf4 Ne5 15.
Bxe5 Rxe5 16. Qd2 Qc7 17. Bd1 1/2-1/2

[Event "U.S. Open"]
[Site "Chicago, Ill."]
[Date "1979.07.29"]
[Round "1"]
[White "McWhirter, Larry"]
[Black "Moody, David"]
[Result "0-1"]
[WhiteElo "1166"]
[BlackElo "1706"]
[PlyCount "58"]
[EventDate "1979.07.29"]

1. e4 e5 2. Nf3 Nc6 3. d4 exd4 4. Bc4 Bc5 5. Ng5 Nh6 6. Qh5 Qe7 7. O-O d6 8. h3
Ne5 9. Bb3 Bd7 10. f4 Ng6 11. f5 d3+ 12. Kh1 O-O-O 13. f6 gxf6 14. Qxh6 fxg5
15. Bxg5 Qxe4 16. Nc3 Qd4 17. Bxd8 Rxd8 18. Rxf7 Bc6 19. Rxc7+ Kxc7 20. Qxh7+
Kb8 21. Qxg6 Rh8 22. Qg3 dxc2 23. a3 Qd2 24. Na2 Bf2 25. Qg4 Re8 26. Rc1 Re1+
27. Kh2 Bg1+ 28. Kh1 Bd4+ 29. Kh2 Be5+ 0-1

[Event "U.S. Open"]
[Site "Chicago, Ill."]
[Date "1979.07.30"]
[Round "2"]
[White "Moody, David"]
[Black "Reyes, Ruben"]
[Result "0-1"]
[WhiteElo "1706"]
[BlackElo "2066"]
[PlyCount "70"]
[EventDate "1979.07.29"]

1. Nc3 c5 2. Nf3 a6 3. e4 e6 4. g3 b5 5. Bg2 Bb7 6. O-O b4 7. Ne2 Bxe4 8. d3
Bc6 9. Bf4 Nf6 10. d4 c4 11. Ne5 Bxg2 12. Kxg2 Qc8 13. Ng1 d6 14. Nef3 Be7 15.
Qe2 O-O 16. Rfd1 Nd5 17. Nh3 Nd7 18. a3 bxa3 19. Rxa3 Rb8 20. Rda1 Rxb2 21.
Rxa6 Nb4 22. R6a5 Rxc2 23. Qe1 Nd3 24. Qd1 Rb2 25. Ra7 e5 26. dxe5 dxe5 27.
Nxe5 N3xe5 28. Bxe5 Qc6+ 29. Kg1 Nxe5 30. Rxe7 Nf3+ 31. Kf1 Nxh2+ 32. Kg1 Nf3+
33. Kf1 Rd2 34. Qc1 c3 35. Raa7 c2 0-1

[Event "Monday 30-30 Swiss"]
[Site "Chicago, Ill."]
[Date "1979.07.30"]
[Round "4"]
[White "Moody, David"]
[Black "Fineberg, Thomas"]
[Result "1-0"]
[WhiteElo "1706"]
[BlackElo "1469"]
[PlyCount "35"]
[EventDate "1979.07.30"]

1. Nc3 d5 2. e4 d4 3. Nce2 e5 4. Ng3 c5 5. Nf3 Nc6 6. Bc4 Nf6 7. Ng5 Be6 8.
Bxe6 fxe6 9. Nxe6 Qe7 10. Nxf8 Qxf8 11. d3 Qf7 12. Nf5 Rd8 13. Bg5 O-O 14. Qf3
Qg6 15. h4 Rd7 16. Rh3 Rdf7 17. Rg3 c4 18. Nh6+ 1-0

[Event "Monday 30-30 Swiss"]
[Site "Chicago, Ill."]
[Date "1979.07.30"]
[Round "2"]
[White "Moody, David"]
[Black "Erlebacher, Alan"]
[Result "0-1"]
[WhiteElo "1706"]
[BlackElo "2061"]
[PlyCount "50"]
[EventDate "1979.07.30"]

1. Nc3 g6 2. e4 Bg7 3. d4 d6 4. Nf3 c6 5. a3 Nf6 6. Bg5 h6 7. Bh4 Qa5 8. Qd2 b5
9. b4 Qc7 10. Be2 Nbd7 11. Bg3 Nh5 12. O-O Nxg3 13. fxg3 a6 14. Rad1 O-O 15. d5
c5 16. Na2 Nb6 17. Qe3 cxb4 18. Nxb4 Bd7 19. Rd2 a5 20. Na2 Nc4 21. Bxc4 Qxc4
22. Nc1 b4 23. axb4 axb4 24. Qd3 Qc5+ 25. Kh1 Bb5 0-1

[Event "Monday 30-30 Swiss"]
[Site "Chicago, Ill."]
[Date "1979.07.30"]
[Round "3"]
[White "Fricko, Frank"]
[Black "Moody, David"]
[Result "1/2-1/2"]
[WhiteElo "1378"]
[BlackElo "1706"]
[PlyCount "60"]
[EventDate "1979.07.30"]

1. e4 e5 2. Nf3 Nc6 3. Bb5 Nf6 4. O-O Nxe4 5. Re1 Nd6 6. Nxe5 Be7 7. Nxc6 dxc6
8. Ba4 Be6 9. c3 Qd7 10. d4 O-O-O 11. Nd2 Bd5 12. Bb3 Rhe8 13. Nf3 Nc4 14. Qd3
Nb6 15. Ne5 Bd6 16. Bxd5 cxd5 17. Nf3 Rxe1+ 18. Nxe1 Qe7 19. Nf3 Re8 20. Qf5+
Kb8 21. Bf4 Bxf4 22. Qxf4 Nc4 23. b3 Nd6 24. Qd2 Qe2 25. Rd1 Qxd2 26. Rxd2 Ne4
27. Re2 f6 28. Nd2 Nd6 29. Kf1 Rxe2 30. Kxe2 Kc8 1/2-1/2

[Event "Tuesday Quad"]
[Site "Chicago, Ill."]
[Date "1979.07.31"]
[Round "3"]
[White "Polstein, Harold"]
[Black "Moody, David"]
[Result "1-0"]
[WhiteElo "1763"]
[BlackElo "1706"]
[PlyCount "75"]
[EventDate "1979.07.31"]

1. e4 e5 2. Bc4 Nf6 3. d3 d5 4. exd5 Nxd5 5. Nf3 Bg4 6. O-O Nc6 7. Qe2 Nb6 8.
Bb5 Bd6 9. Bxc6+ bxc6 10. Qe4 Bxf3 11. Qxf3 Qd7 12. Nc3 O-O 13. Re1 Rae8 14.
Be3 f5 15. Rad1 e4 16. dxe4 fxe4 17. Qe2 Qf7 18. a3 Nc4 19. Rb1 Nxe3 20. fxe3
Re6 21. Rf1 Qe7 22. Rxf8+ Kxf8 23. Rf1+ Kg8 24. Qc4 Kh8 25. Qa6 Qd8 26. Qxa7
Rh6 27. g3 Rxh2 28. Nxe4 Rh6 29. Nxd6 Rxd6 30. Qxc7 h6 31. Qxd8+ Rxd8 32. Rf2
Kh7 33. Kg2 Kg6 34. b3 Rd1 35. a4 Kg5 36. Kf3 Re1 37. Re2 Rf1+ 38. Kg2 1-0

[Event "Tuesday Quad"]
[Site "Chicago, Ill."]
[Date "1979.07.31"]
[Round "2"]
[White "Moody, David"]
[Black "Tykwinski, David"]
[Result "1/2-1/2"]
[WhiteElo "1706"]
[BlackElo "1739"]
[PlyCount "58"]
[EventDate "1979.07.31"]

1. Nc3 c5 2. Nf3 Nc6 3. e4 d6 4. d4 Bg4 5. Bb5 Bxf3 6. gxf3 cxd4 7. Qxd4 Qd7 8.
Qa4 Nf6 9. Nd5 Rc8 10. Be3 e6 11. Nxf6+ gxf6 12. Bxc6 bxc6 13. Qxa7 Qxa7 14.
Bxa7 c5 15. Bb6 Rb8 16. Ba5 Rxb2 17. Kd1 Rg8 18. Bc3 Rb7 19. Bxf6 Rg2 20. Ke2
Be7 21. Bxe7 Kxe7 22. Rag1 Rxg1 23. Rxg1 Rb2 24. Kd2 Rxa2 25. Rg7 Ra3 26. Rxh7
Rxf3 27. Ke2 Rc3 28. Kd2 Rf3 29. Ke2 Rc3 1/2-1/2

[Event "Thursday Quad"]
[Site "Chicago, Ill."]
[Date "1979.08.02"]
[Round "2"]
[White "Ruehmann, Albert"]
[Black "Moody, David"]
[Result "1-0"]
[WhiteElo "1806"]
[BlackElo "1706"]
[PlyCount "65"]
[EventDate "1979.08.02"]

1. e4 e5 2. Nf3 Nc6 3. Bb5 a6 4. Ba4 Nf6 5. O-O Be7 6. Re1 b5 7. Bb3 O-O 8. h3
d6 9. c3 Nb8 10. d4 Nbd7 11. Nbd2 Bb7 12. Nf1 Nxe4 13. Bc2 Nef6 14. N1h2 exd4
15. cxd4 c5 16. Nh4 Re8 17. g4 Nxg4 18. Qxg4 Bxh4 19. Rxe8+ Qxe8 20. Qxh4 Qe1+
21. Nf1 Nf8 22. Rb1 Ng6 23. Qg3 cxd4 24. Bd2 Qe5 25. Re1 Qc5 26. Be4 Bxe4 27.
Rxe4 Qc6 28. Rxd4 Ne5 29. Nh2 Re8 30. Qc3 Qd7 31. Bf4 Nc4 32. b3 Nb6 33. Bxd6
1-0

[Event "Thursday Quad"]
[Site "Chicago, Ill."]
[Date "1979.08.02"]
[Round "1"]
[White "Moody, David"]
[Black "Tykwinski, David"]
[Result "1-0"]
[WhiteElo "1706"]
[BlackElo "1739"]
[PlyCount "31"]
[EventDate "1979.08.02"]

1. Nc3 d5 2. e4 d4 3. Nce2 c5 4. Ng3 Nc6 5. Nf3 e5 6. Bc4 Bd7 7. d3 Qc7 8. a3
Na5 9. Ba2 b5 10. Bd2 c4 11. Nxe5 Qxe5 12. Bxa5 Rb8 13. O-O g5 14. dxc4 bxc4
15. Bxc4 Qxa5 16. Qxd4 1-0

[Event "Thursday Quad"]
[Site "Chicago, Ill."]
[Date "1979.08.02"]
[Round "3"]
[White "Moody, David"]
[Black "Bullockus, Ted"]
[Result "1-0"]
[WhiteElo "1706"]
[BlackElo "1810"]
[PlyCount "21"]
[EventDate "1979.08.02"]

1. Nc3 d5 2. e4 e5 3. exd5 Ne7 4. Bc4 c6 5. dxc6 Nbxc6 6. Nf3 Qc7 7. Ng5 f6 8.
Nb5 Qd8 9. Bf7+ Kd7 10. Be6+ Ke8 11. Nf7 1-0